Music Quiz

Random Music or Song Quiz
Score 0/285 Timer 10:00
0 Plays Today
Lyrics % Correct
a
89.8%
the
89.8%
and
89.8%
the
89.8%
and
89.8%
the
89.8%
a
89.8%
the
89.8%
the
89.8%
a
89.8%
and
89.8%
the
89.8%
the
89.8%
the
89.8%
you
83.5%
I
77.8%
I
77.8%
I
77.8%
I
77.8%
I
77.8%
I
77.8%
I
77.8%
I
77.8%
I
77.8%
I
77.8%
I
77.8%
I
77.8%
I
77.8%
I
77.8%
I
77.8%
I
77.8%
I
77.8%
I
77.8%
I
77.8%
I
77.8%
me
76.9%
me
76.9%
me
76.9%
me
76.9%
me
76.9%
me
76.9%
to
74.3%
to
74.3%
to
74.3%
to
74.3%
to
74.3%
to
74.3%
to
74.3%
to
74.3%
to
74.3%
It
67.4%
It
67.4%
It
67.4%
It
67.4%
I'm
65.6%
I'm
65.6%
I'm
65.6%
I'm
65.6%
I'm
65.6%
be
65%
in
64.7%
in
64.7%
she
63.5%
she
63.5%
go
63.5%
on
63.5%
on
63.5%
my
62.9%
my
62.9%
my
62.9%
my
62.9%
my
62.9%
my
62.9%
my
62.9%
my
62.9%
my
62.9%
my
62.9%
if
60.5%
if
60.5%
if
60.5%
if
60.5%
So
60.2%
that
58.7%
don't
57.8%
don't
57.8%
don't
57.8%
don't
57.8%
don't
57.8%
where
56%
know
56%
where
56%
know
56%
where
56%
where
56%
like
55.7%
Lyrics % Correct
like
55.7%
like
55.7%
like
55.7%
like
55.7%
like
55.7%
like
55.7%
like
55.7%
like
55.7%
like
55.7%
like
55.7%
like
55.7%
like
55.7%
like
55.7%
what
55.1%
but
54.8%
But
54.8%
it's
53.3%
it's
53.3%
it's
53.3%
it's
53.3%
up
52.7%
up
52.7%
I've
52.7%
I've
52.7%
us
52.7%
how
52.4%
just
51.8%
Just
51.8%
got
51.5%
got
51.5%
got
51.5%
got
51.5%
got
51.5%
all
50.6%
get
50%
her
49.7%
They
49.1%
off
47.9%
Now
47.3%
I'll
47.3%
Cause
46.1%
feel
46.1%
Cause
46.1%
feel
46.1%
Cause
46.1%
feel
46.1%
Cause
46.1%
feel
46.1%
Cause
46.1%
feel
46.1%
Cause
46.1%
feel
46.1%
feel
46.1%
Cause
46.1%
feel
46.1%
feel
46.1%
away
45.8%
down
45.8%
look
45.5%
right
45.5%
right
45.5%
right
45.5%
right
45.5%
right
45.5%
said
45.2%
said
45.2%
time
45.2%
by
44.9%
some
44.9%
run
44.6%
think
44.6%
think
44.6%
wants
43.7%
care
43.7%
care
43.7%
care
43.7%
care
43.7%
care
43.7%
boy
43.4%
tonight
43.4%
tonight
43.4%
tonight
43.4%
tonight
43.4%
tonight
43.4%
tonight
43.4%
tonight
43.4%
tonight
43.4%
tonight
43.4%
party
43.1%
party
43.1%
party
43.1%
party
43.1%
dancing
42.5%
gonna
42.5%
dancing
42.5%
Lyrics % Correct
dancing
42.5%
dancing
42.5%
gonna
42.5%
dancing
42.5%
dancing
42.5%
dancing
42.5%
dancing
42.5%
gonna
42.5%
dancing
42.5%
dancing
42.5%
Took
42.2%
doesn't
42.2%
people
42.2%
doesn't
42.2%
people
42.2%
doesn't
42.2%
people
42.2%
doesn't
42.2%
people
42.2%
You've
41.9%
you've
41.9%
you've
41.9%
hand
41.6%
matter
41.3%
matter
41.3%
matter
41.3%
matter
41.3%
used
41%
date
41%
Put
40.7%
put
40.7%
stare
40.4%
try
40.4%
stare
40.4%
stare
40.4%
stare
40.4%
made
39.8%
She's
39.8%
feelin'
39.5%
they're
39.5%
Says
39.2%
civil
39.2%
civil
39.2%
more
39.2%
civil
39.2%
one
39.2%
more
39.2%
civil
39.2%
turn
38.9%
Shorty
38.6%
ear
38.6%
own
38.6%
junk
38.6%
must
38.6%
ready
37.7%
zone
37.7%
dude
37.7%
dance
37.7%
stairs.
37.4%
phone
37.4%
grabbed
37.4%
pulled
37.1%
tongue
37.1%
Almost
37.1%
stop
37.1%
floor
37.1%
spill
36.8%
show
36.8%
beer
36.5%
agenda
36.5%
move
35.9%
ceiling
35.6%
that's
35.3%
upside
35%
mouth
35%
remain
34.4%
Everybody
34.1%
Ke$ha
34.1%
call
34.1%
police
34.1%
bust
33.8%
Somebody
33.8%
kinda
33.5%
gettin'
33.2%
okay
33.2%
coming
33.2%
Turned
32.9%
keg
32.9%
groove
32.9%
crunk
32.3%
Bros
31.1%
Oh
31.1%
tap
29.6%
tried
25.4%
came
23.4%
Remove Ads.
Support Sporcle.
Get the best of Sporcle when you Go Orange. This ad-free experience offers more features, more stats, and more fun while also helping to support Sporcle. Thank you for becoming a member.

You're not logged in!

Compare scores with friends on all Sporcle quizzes.
OR
Log In

Show Comments

Extras

Created Jun 26, 2012ReportNominate
Tags:Song Quiz, All Time, Low

Top Quizzes Today


Score Distribution

Your Account Isn't Verified!

In order to create a playlist on Sporcle, you need to verify the email address you used during registration. Go to your Sporcle Settings to finish the process.

Report this User

Report this user for behavior that violates our Community Guidelines.

Details: